Abhanga-Sankeertan:Bhag-2 (Record no. 346966)

MARC details
000 -LEADER
fixed length control field 004710000a22001930004500
005 - DATE AND TIME OF LATEST TRANSACTION
control field 20120302054920.0
040 ## - CATALOGING SOURCE
Original cataloging agency MAR
100 ## - MAIN ENTRY--PERSONAL NAME
Personal name Dandekar,Shankar Waman
245 ## - TITLE STATEMENT
Title Abhanga-Sankeertan:Bhag-2
250 ## - EDITION STATEMENT
Edition statement 1
260 ## - PUBLICATION, DISTRIBUTION, ETC. (IMPRINT)
Place of publication, distribution, etc Pune:Yashwant Gopaal Joshi,1875.
300 ## - PHYSICAL DESCRIPTION
Extent 215p.
365 ## - TRADE PRICE
Price amount 2.50/-
650 ## - SUBJECT ADDED ENTRY--TOPICAL TERM
Topical term or geographic name as entry element Abhanga
650 ## - SUBJECT ADDED ENTRY--TOPICAL TERM
Topical term or geographic name as entry element Sankirtan
650 ## - SUBJECT ADDED ENTRY--TOPICAL TERM
Topical term or geographic name as entry element Dandekar-Abhanga
650 ## - SUBJECT ADDED ENTRY--TOPICAL TERM
Topical term or geographic name as entry element Maajhe Chitaa Tujhe Paayi-Paangulaa Jhaalo Devaa
942 ## - ADDED ENTRY ELEMENTS (KOHA)
Koha item type Book
Holdings
Withdrawn status Lost status Damaged status Not for loan Home library Current library Date acquired Total Checkouts Barcode Date last seen Price effective from
        Institute For Oriental Study, Thane Institute For Oriental Study, Thane 12/02/2009   IOS-6145 12/02/2009 12/02/2009